| 000 | 00591nam a2200169 u 4500 | ||
|---|---|---|---|
| 001 | 000033347 | ||
| 005 | 20250621074008.0 | ||
| 008 | 100802s19uu dr r 000 0 spa d | ||
| 040 |
_aDO-SdBNP _bspa _cBNPHU |
||
| 082 |
_a320 _bC822p |
||
| 100 | 1 |
_aCastillo Objio, Luis Conrado del, _d1888-1927. _958934 |
|
| 245 | 1 | 0 |
_aProlegómenos de enseñanza civica / _cLuis Coronado del Castillo. |
| 250 | _a3a ed. | ||
| 260 |
_aSantiago de los Caballeros, República Dominicana : _bManuel Tavarez S., _c[198?]. |
||
| 300 |
_a150 p. ; _c23 cm. |
||
| 651 | 0 |
_aRepública Dominicana _xPolítica y gobierno _945 |
|
| 999 |
_c32838 _d32838 |
||